| 000 | 00533nam a2200169 b 4500 | ||
|---|---|---|---|
| 003 | OSt | ||
| 005 | 20150109180712.0 | ||
| 008 | 070618s1974 pr | o||| ||spa | ||
| 040 | _cBMC | ||
| 082 | _a972.95 | ||
| 100 | 1 |
_aAlonso, Manuel A. _d1822-1889 _929702 |
|
| 245 | 1 | 3 |
_aEl gíbaro _b: cuadro de costumbres de la Isla de Puerto Rico _cManuel A. Alonso |
| 260 |
_aSan Juan, Puerto Rico _bInstituto de Cultura Puertorriqueña _c1974 |
||
| 300 |
_a204 p. _bil. _c19 cm |
||
| 651 | 2 | 4 |
_aPuerto Rico _xDescripción _929679 |
| 942 |
_2ddc _cBK |
||
| 999 |
_c16872 _d16872 |
||